000 01539nam a2200277 a 4500
001 000687287
003 AM-YeHGA
005 20250618073630.0
008 091022s2006 kz r 000 0 rus d
020 _a9965975175
040 _aAM-YeHGA
041 0 _arus
245 0 1 _a"Пушкин-Абай и казахская литература" :
_bМатериалы Международной научной конференции /
_cМ-во. образования и науки Респ. Казахстан. Ин-т лит. и искусства им. М.О. Ауэзова. РАН. Ин-т мировой литературы им. А.М. Горького; Редкол. : С.А. Каскабасов и др.
246 1 5 _a"Пушкин-Абай жэне казак эдебиетi"
_bХалыкаралык гылыми конференцияным материалдары
260 _aАлматы :
_bUnique Service,
_c2006.
300 _a592 c.
600 1 4 _aՊուշկին, Ալեքսանդր Սերգեևիչ,
_d1799-1837
_96684
600 1 4 _aАбай
653 0 _aКазазская и русская литературы - Взаимосвязь
700 1 _aКаскабасов, С.А.
_eред.
_4edt
710 2 _aИнститут литературы и искусства им. М.О. Ауэзова
710 2 _aРоссийская Академия Наук
710 2 _aИнститут мировой литературы им. А.М.Горького РАН
942 _2udc
_cBK
090 _c256549
999 _c254945
_d254945